=LDR 00000nam 2200000 4500 =001 INLIS000000000038360 =005 20130612144030 =008 ***********************************Ind** =035 ##$$0010-061300000038360 =041 ##$$a Ind =082 ##$$a 641.5 =090 ##$$a 641.5, Ros s =100 ##$$a Roswaty, Aan =245 ##$$a Serba penyet, Aan Roswaty; Editor, Petra Aquina Budiarti =260 ##$$a 2010 $b Jakarta =300 ##$$a 56 hlm, Ilus, 22 cm =650 ##$$a Masakan - Resep =700 ##$$a Budiarta, Petra Aquina =850 ##$$a NBPNMAT =990 ##$$a 0001/BPAP-NTB/20142014 =990 ##$$a 0001/BPAP-NTB/2016